[Event "CCT Play-in Chessable Masters 2024"]
[Site "Online"]
[Date "2024.01.31"]
[Round "2"]
[White "Janosik, Gyorgy"]
[Black "Shankland, Sam"]
[Result "1/2-1/2"]
[WhiteElo "2235"]
[BlackElo "2674"]
[Annotator "RC"]
[PlyCount "147"]
[EventDate "2024.01.26"]
[EventType "swiss"]
[EventCountry "NET"]
[SourceTitle "playchess.com"]
[Source "ChessBase"]
[SourceQuality "1"]

1. d4 d5 2. c4 c6 3. Nc3 Nf6 4. e3 e6 5. Nf3 Nbd7 6. Be2 b6 7. O-O Bb7 8. b3 Be7 9. Bb2 O-O 10. Bd3 h6 11. Rc1 dxc4 12. Bxc4 b5 13. Be2 a6 14. Ne5 c5 15. Bf3 Bxf3 16. Qxf3 cxd4 17. Nc6 Qe8 18. Nxd4 Ne5 19. Qe2 Rc8 20. a4 b4 21. Nb1 Ne4 22. Qxa6 Nc5 23. Qe2 Ned3 24. Rcd1 Nxb2 25. Qxb2 Bf6 26. Nd2 Qd7 27. Qb1 Bxd4 28. Nf3 Qd5 29. Rxd4 Qxb3 30. Qxb3 Nxb3 31. Rxb4 Nc5 32. Ra1 Nd3 33. Rb3 Rfd8 34. h3 Nc1 35. Rbb1 Ne2+ 36. Kf1 Rc2 37. Rd1 Rb8 38. Ne1 Rcb2 39. Nd3 Rc2 40. a5 Nc3 41. Rdc1 Rxc1+ 42. Rxc1 Ne4 43. Ra1 Ra8 44. a6 Kf8 45. f3 Nd2+ 46. Ke2 Nc4 47. Nb4 Ke7 48. Kd3 Nb6 49. f4 Kd6 50. e4 Kc5 51. Kc3 Kb5 52. Kb3 Nd7 53. Kc3 Nc5 54. e5 Rc8 55. a7 Na6+ 56. Kb3 Nc5+ 57. Kc3 Na6+ 58. Kb2 Nc7 59. Rc1 Kb6 60. Ra1 Ra8 61. Kc3 Nb5+ 62. Kd3 Nxa7 63. Ke4 Rc8 64. Ra6+ Kb7 65. Rd6 Nb5 66. Rd7+ Rc7 67. Rxc7+ Kxc7 68. g4 Kd7 69. Nd3 Kc6 70. f5 Nc3+ 71. Kd4 Nb5+ 72. Ke4 Nc3+ 73. Kd4 Nb5+ 74. Ke4 1/2-1/2

[Event "CCT Play-in Chessable Masters 2024"]
[Site "Online"]
[Date "2024.01.31"]
[Round "3"]
[White "Caruana, Fabiano"]
[Black "rasmussvane"]
[Result "1-0"]
[WhiteElo "2804"]
[BlackElo "2601"]
[Annotator "RC"]
[PlyCount "143"]
[EventDate "2024.01.26"]
[EventType "swiss"]
[EventCountry "NET"]
[SourceTitle "playchess.com"]
[Source "ChessBase"]
[SourceQuality "1"]

1. e4 e5 2. Nf3 Nc6 3. Bb5 a6 4. Ba4 Nf6 5. d3 Bc5 6. Bxc6 dxc6 7. Nbd2 Be6 8. O-O Bd6 9. Nb3 a5 10. Qe1 a4 11. Na5 Qb8 12. Bd2 O-O 13. b4 Re8 14. Ng5 Bg4 15. f3 Bd7 16. f4 h6 17. Nf3 exf4 18. Nc4 Qd8 19. Nxd6 cxd6 20. Bxf4 d5 21. e5 Nh7 22. Qg3 Re6 23. Nd4 Rg6 24. Qf2 Qe7 25. a3 b6 26. Bg3 c5 27. bxc5 bxc5 28. Ne2 Rb6 29. Rab1 Rab8 30. Rxb6 Rxb6 31. Nc3 Bc6 32. d4 c4 33. Bh4 Qd7 34. Na2 Nf8 35. Nb4 Bb7 36. c3 Rg6 37. h3 Re6 38. Kh2 Ng6 39. Bg3 Qe8 40. Rb1 Rb6 41. Qc2 Qb5 42. Rf1 Bc8 43. Qf2 Be6 44. Bf4 Qd7 45. Bd2 Rb8 46. Qg3 Rf8 47. Rf2 Kh7 48. Be3 Ne7 49. Qf3 Nc6 50. Na6 Ne7 51. Nc5 Qc6 52. Rb2 Bf5 53. Qf2 f6 54. Rb7 Re8 55. Rxe7 Rxe7 56. Qxf5+ Kg8 57. e6 Qe8 58. Bf4 Qc6 59. Bg3 Re8 60. Qh5 Re7 61. Qg6 Qe8 62. Qb1 Qc6 63. Qb8+ Kh7 64. Qd6 Qxd6 65. Bxd6 Re8 66. e7 Kg6 67. Ne6 Kf7 68. Nc7 Rc8 69. Kg3 g6 70. Kf3 Rg8 71. Bb4 Rc8 72. Nxd5 1-0

[Event "CCT Play-in Chessable Masters 2024"]
[Site "Online"]
[Date "2024.01.31"]
[Round "3"]
[White "So, Wesley"]
[Black "kpio91"]
[Result "1/2-1/2"]
[WhiteElo "2757"]
[BlackElo "2375"]
[Annotator "NA"]
[PlyCount "134"]
[EventDate "2024.01.26"]
[EventType "swiss"]
[EventCountry "NET"]
[SourceTitle "playchess.com"]
[Source "ChessBase"]
[SourceQuality "1"]

1. e4 e6 2. d4 d5 3. Nc3 Bb4 4. e5 b6 5. Qg4 Bf8 6. Bg5 Qd7 7. f4 Ba6 8. Nf3 Bxf1 9. Rxf1 Nc6 10. O-O-O Nge7 11. Bxe7 Nxe7 12. Qh3 h5 13. Ng5 g6 14. Ne2 Bh6 15. Qd3 Nf5 16. Nf3 O-O-O 17. g3 Kb7 18. Kb1 Bf8 19. h3 c5 20. g4 hxg4 21. hxg4 Nxd4 22. Nexd4 cxd4 23. Nxd4 Bc5 24. Nb3 Rc8 25. c4 Rhd8 26. cxd5 Qxd5 27. Na5+ Kb8 28. Qe2 Qa8 29. Nc4 Qc6 30. Rc1 Qb5 31. f5 gxf5 32. gxf5 Bd4 33. b3 Qd5 34. Rcd1 Qc5 35. fxe6 fxe6 36. Rf7 Rc7 37. Rxc7 Qxc7 38. a4 Rd5 39. Qe4 Qc5 40. Ka2 Bc3 41. Rf1 Qd4 42. Rf8+ Kc7 43. Rf7+ Rd7 44. Rxd7+ Qxd7 45. Nd6 Kb8 46. Qf4 a6 47. Qe3 Qc6 48. Nc4 Bb4 49. Qxb6+ Qxb6 50. Nxb6 Kb7 51. Nc4 Kc6 52. Kb2 Kd5 53. Kc2 Kd4 54. Nb2 Ba5 55. Nd3 Bc7 56. b4 Bxe5 57. Nc5 a5 58. Nb3+ Kc4 59. bxa5 Kb4 60. a6 Bb8 61. Nd4 Kxa4 62. Nc6 Kb5 63. Nxb8 Kb6 64. Kd3 Ka7 65. Ke4 Kxb8 66. Ke5 Ka7 67. Kxe6 Kxa6 1/2-1/2

[Event "CCT Play-in Chessable Masters 2024"]
[Site "Online"]
[Date "2024.01.31"]
[Round "3"]
[White "Dominguez Perez, Leinier"]
[Black "Tari, Aryan"]
[Result "1-0"]
[WhiteElo "2752"]
[BlackElo "2623"]
[Annotator "TA"]
[PlyCount "59"]
[EventDate "2024.01.26"]
[EventType "swiss"]
[EventCountry "NET"]
[SourceTitle "playchess.com"]
[Source "ChessBase"]
[SourceQuality "1"]

1. e4 e5 2. Nf3 Nc6 3. Bb5 Nge7 4. Nc3 Ng6 5. d4 exd4 6. Nxd4 Nxd4 7. Qxd4 c6 8. Be2 Qb6 9. Be3 Qxd4 10. Bxd4 Nf4 11. O-O-O b5 12. Be5 Ne6 13. Bd6 Be7 14. e5 f5 15. exf6 Bxd6 16. Rxd6 gxf6 17. Bg4 Ke7 18. Rhd1 Nf4 19. g3 b4 20. Rxd7+ Bxd7 21. Rxd7+ Kf8 22. Ne4 Nd5 23. Nc5 Ne7 24. Bh5 Ng6 25. Ne6+ Ke8 26. Rb7 Rc8 27. f4 f5 28. Ng7+ Kd8 29. Ne6+ Ke8 30. g4 1-0

[Event "CCT Play-in Chessable Masters 2024"]
[Site "Online"]
[Date "2024.01.31"]
[Round "3"]
[White "Keymer, Vincent"]
[Black "Vokhidov, Shamsiddin"]
[Result "1-0"]
[WhiteElo "2743"]
[BlackElo "2596"]
[Annotator "RC"]
[PlyCount "145"]
[EventDate "2024.01.26"]
[EventType "swiss"]
[EventCountry "NET"]
[SourceTitle "playchess.com"]
[Source "ChessBase"]
[SourceQuality "1"]

1. Nf3 Nf6 2. c4 e6 3. Nc3 d5 4. e3 b6 5. cxd5 exd5 6. g3 Bd6 7. Bg2 O-O 8. O-O Re8 9. Re1 Bb7 10. b3 a6 11. Bb2 Nbd7 12. Rc1 Qe7 13. Re2 Ba3 14. Bxa3 Qxa3 15. d4 Qd6 16. Rec2 Re7 17. Ne1 Nf8 18. Nd3 Ng6 19. b4 h5 20. a3 h4 21. Ne2 hxg3 22. hxg3 Ne4 23. Nef4 Nxf4 24. Nxf4 g6 25. Qg4 Rd8 26. Nd3 Kg7 27. Qf4 Qxf4 28. gxf4 Rc8 29. Bh3 f5 30. Ne5 Nd6 31. Bg2 Ne4 32. Nc6 Rf7 33. Bf1 Nd6 34. a4 Kf6 35. Bg2 Ke6 36. a5 Rg7 37. Ne5 b5 38. Rc5 g5 39. fxg5 Rxg5 40. Kf1 Rg7 41. Bf3 Ne4 42. Bxe4 fxe4 43. Ke2 Rh7 44. Rg1 Rf8 45. Rcc1 Rf6 46. Rg8 c6 47. Rcg1 Kd6 48. R1g7 Rxg7 49. Rxg7 Bc8 50. Ke1 Be6 51. Ra7 Bc8 52. Rh7 Bf5 53. Rg7 Be6 54. Rh7 Bf5 55. Rf7 Rxf7 56. Nxf7+ Ke7 57. Ne5 Kd6 58. Kf1 Bc8 59. f4 exf3 60. Kf2 Bf5 61. Kxf3 Be4+ 62. Kf4 Bc2 63. Nf3 Be4 64. Nd2 Bd3 65. Nb3 Bf1 66. Nc5 Bh3 67. Nxa6 Bc8 68. Nc5 Kc7 69. Ke5 Bg4 70. Kf6 Bc8 71. Ke7 Bg4 72. Ne6+ Kb7 73. Kd6 1-0

[Event "CCT Play-in Chessable Masters 2024"]
[Site "Online"]
[Date "2024.01.31"]
[Round "3"]
[White "Grischuk, Alexander"]
[Black "Bologan, Victor"]
[Result "1-0"]
[WhiteElo "2732"]
[BlackElo "2585"]
[Annotator "TA"]
[PlyCount "63"]
[EventDate "2024.01.26"]
[EventType "swiss"]
[EventCountry "NET"]
[SourceTitle "playchess.com"]
[Source "ChessBase"]
[SourceQuality "1"]

1. d4 Nf6 2. Bf4 g6 3. Nd2 d5 4. e3 Bg7 5. Ngf3 O-O 6. Be2 b6 7. h4 c5 8. Ne5 cxd4 9. exd4 Nfd7 10. Ndf3 Nxe5 11. Bxe5 f6 12. Bg3 Bg4 13. O-O Nc6 14. c3 Qd7 15. Re1 Bh5 16. Bb5 a6 17. Bxc6 Qxc6 18. Rxe7 Rfe8 19. Rc7 Qb5 20. a4 Qxb2 21. Rb1 Qe2 22. Qxe2 Rxe2 23. Rxb6 Bg4 24. a5 Ra2 25. Rc5 Ra3 26. Bd6 Bf5 27. Rb7 Bh6 28. Kh2 Re8 29. Rcc7 Rxa5 30. Rxh7 Rb5 31. Ra7 Rb6 32. Bc5 1-0

[Event "CCT Play-in Chessable Masters 2024"]
[Site "Online"]
[Date "2024.01.31"]
[Round "3"]
[White "Le, Quang Liem"]
[Black "Troff, Kayden"]
[Result "1-0"]
[WhiteElo "2731"]
[BlackElo "2484"]
[Annotator "TA"]
[PlyCount "91"]
[EventDate "2024.01.26"]
[EventType "swiss"]
[EventCountry "NET"]
[SourceTitle "playchess.com"]
[Source "ChessBase"]
[SourceQuality "1"]

1. Nf3 Nf6 2. c4 g6 3. Nc3 Bg7 4. e4 e5 5. Nxe5 O-O 6. Nf3 Nxe4 7. Nxe4 Re8 8. d3 f5 9. Be2 fxe4 10. dxe4 Qe7 11. O-O d6 12. Re1 Nc6 13. h3 Be6 14. Rb1 h6 15. b3 Bf7 16. Bf1 Rad8 17. Bb2 Be5 18. Qd2 Kh7 19. Rbd1 Qf6 20. Nd4 Nxd4 21. Bxd4 c5 22. Ba1 g5 23. Qe3 b6 24. Be2 Kg7 25. Bd3 Bh5 26. Rb1 Bg6 27. Rf1 Bxa1 28. Rxa1 d5 29. cxd5 Rxd5 30. exd5 Rxe3 31. fxe3 Qd6 32. Bxg6 Kxg6 33. e4 h5 34. Rae1 g4 35. e5 Qxd5 36. e6 Qd4+ 37. Kh2 Qd6+ 38. Kh1 gxh3 39. Rf2 Qe7 40. gxh3 Qh4 41. e7 Qxh3+ 42. Kg1 Kh6 43. e8=Q Qg4+ 44. Rg2 Qd4+ 45. Qe3+ Qxe3+ 46. Rxe3 1-0

[Event "CCT Play-in Chessable Masters 2024"]
[Site "Online"]
[Date "2024.01.31"]
[Round "3"]
[White "Andreikin, Dmitry"]
[Black "GMKrikor"]
[Result "1-0"]
[WhiteElo "2729"]
[BlackElo "2535"]
[Annotator "TA"]
[PlyCount "75"]
[EventDate "2024.01.26"]
[EventType "swiss"]
[EventCountry "NET"]
[SourceTitle "playchess.com"]
[Source "ChessBase"]
[SourceQuality "1"]

1. d4 Nf6 2. c4 g6 3. Nc3 d5 4. cxd5 Nxd5 5. e4 Nxc3 6. bxc3 Bg7 7. Be3 c5 8. Qd2 Qa5 9. Nf3 Nc6 10. Rb1 cxd4 11. cxd4 O-O 12. Qxa5 Nxa5 13. Bd3 Rd8 14. h3 e6 15. Ke2 Nc6 16. e5 b6 17. h4 h6 18. Rhc1 Bb7 19. Rc4 Rd7 20. Rbc1 Ne7 21. Rc7 Rad8 22. Bb5 Rxc7 23. Rxc7 Bxf3+ 24. Kxf3 Nf5 25. Ke4 Nxh4 26. g4 a5 27. f4 Ng2 28. Bd2 f5+ 29. gxf5 gxf5+ 30. Kd3 h5 31. Bc4 Re8 32. Bb5 Rd8 33. Bd7 Bh6 34. Bxe6+ Kh8 35. Bxf5 Bxf4 36. Bxf4 Nxf4+ 37. Ke4 Ne2 38. Bd7 1-0

[Event "CCT Play-in Chessable Masters 2024"]
[Site "Online"]
[Date "2024.01.31"]
[Round "3"]
[White "HansOnTwitch"]
[Black "Malakhov, Vladimir"]
[Result "1/2-1/2"]
[WhiteElo "2721"]
[BlackElo "2648"]
[Annotator "TA"]
[PlyCount "100"]
[EventDate "2024.01.26"]
[EventType "swiss"]
[EventCountry "NET"]
[SourceTitle "playchess.com"]
[Source "ChessBase"]
[SourceQuality "1"]

1. e4 e5 2. Nf3 Nc6 3. Bc4 Bc5 4. d3 Nf6 5. O-O h6 6. c3 d6 7. Re1 O-O 8. Nbd2 a6 9. Nf1 Ba7 10. h3 Na5 11. Bb3 Nxb3 12. axb3 Re8 13. Ng3 d5 14. exd5 Qxd5 15. Be3 Bxe3 16. Rxe3 Bd7 17. Qc2 Re6 18. c4 Qd6 19. Qc3 c5 20. Nxe5 Rae8 21. Rae1 b5 22. Nf5 Qc7 23. Ng4 Nh5 24. Rxe6 Rxe6 25. Ne7+ Kf8 26. Nd5 Qd6 27. Ne5 b4 28. Nxd7+ Qxd7 29. Qd2 Nf6 30. Rxe6 Qxe6 31. Nf4 Qf5 32. Qe3 g5 33. Ne2 Nd7 34. Ng3 Qe5 35. Qd2 Nb8 36. Ne2 Nc6 37. Qe3 Qxe3 38. fxe3 Na5 39. Nc1 Nc6 40. Kf2 Ke7 41. g4 Ke6 42. Kf3 f5 43. Kg3 Kf6 44. h4 Ke6 45. hxg5 hxg5 46. gxf5+ Kxf5 47. Kf3 Ne5+ 48. Kg3 Nc6 49. Na2 Na5 50. Nc1 Nc6 1/2-1/2

[Event "CCT Play-in Chessable Masters 2024"]
[Site "Online"]
[Date "2024.01.31"]
[Round "3"]
[White "Yu, Yangyi"]
[Black "shimastream"]
[Result "1/2-1/2"]
[WhiteElo "2720"]
[BlackElo "2607"]
[Annotator "TA"]
[PlyCount "94"]
[EventDate "2024.01.26"]
[EventType "swiss"]
[EventCountry "NET"]
[SourceTitle "playchess.com"]
[Source "ChessBase"]
[SourceQuality "1"]

1. e4 e6 2. d4 d5 3. e5 c5 4. Nf3 Nc6 5. c3 Nge7 6. Na3 Bd7 7. Nc2 Qa5 8. a3 Nxd4 9. Ncxd4 cxd4 10. Nxd4 Nc6 11. Nf3 Qc7 12. Bf4 f6 13. Bb5 Nxe5 14. Nxe5 fxe5 15. Qh5+ g6 16. Qxe5 Qxe5+ 17. Bxe5 Rg8 18. Bd3 Bg7 19. f4 Ke7 20. O-O Bxe5 21. fxe5 Rgf8 22. Rxf8 Rxf8 23. Rf1 Rxf1+ 24. Kxf1 Be8 25. Kf2 h6 26. h4 g5 27. hxg5 hxg5 28. Ke3 b6 29. Kd4 Bc6 30. g3 Be8 31. b3 Bc6 32. Ba6 Kf7 33. Bc8 Ke7 34. Ba6 Kf7 35. Be2 Ke7 36. Bf3 Be8 37. Bd1 Bc6 38. Bg4 Bd7 39. Be2 Bc6 40. Bh5 Bd7 41. Bf3 Be8 42. c4 dxc4 43. bxc4 Kd7 44. Bg4 Bf7 45. Bf3 Be8 46. Bg4 Bf7 47. Bf3 Be8 1/2-1/2

[Event "CCT Play-in Chessable Masters 2024"]
[Site "Online"]
[Date "2024.01.31"]
[Round "3"]
[White "LevonAronian"]
[Black "Bocharov, Dmitry"]
[Result "1-0"]
[WhiteElo "2715"]
[BlackElo "2513"]
[Annotator "TA"]
[PlyCount "69"]
[EventDate "2024.01.26"]
[EventType "swiss"]
[EventCountry "NET"]
[SourceTitle "playchess.com"]
[Source "ChessBase"]
[SourceQuality "1"]

1. e4 c5 2. Nf3 d6 3. c3 Nf6 4. Be2 g6 5. O-O Bg7 6. d3 O-O 7. Be3 Nc6 8. Nbd2 e5 9. a3 a5 10. a4 h6 11. Nc4 Be6 12. Nfd2 b6 13. Re1 d5 14. exd5 Nxd5 15. Na3 f5 16. Ndc4 Nxe3 17. Nxe3 Rb8 18. Bf3 Ne7 19. Nec4 Bxc4 20. Nxc4 Qc7 21. Re3 g5 22. Bh5 Nd5 23. Re1 Rbd8 24. g3 Kh7 25. Bf3 e4 26. dxe4 Nxc3 27. Qc2 Nxe4 28. Bxe4 fxe4 29. Rxe4 Kh8 30. Re6 Rf6 31. Rxf6 Bxf6 32. Re1 Kg7 33. Re6 Rd4 34. Ne3 Rb4 35. Rxf6 1-0

[Event "CCT Play-in Chessable Masters 2024"]
[Site "Online"]
[Date "2024.01.31"]
[Round "3"]
[White "Dubov, Daniil"]
[Black "Donchenko, Alexander"]
[Result "1/2-1/2"]
[WhiteElo "2708"]
[BlackElo "2643"]
[Annotator "TA"]
[PlyCount "82"]
[EventDate "2024.01.26"]
[EventType "swiss"]
[EventCountry "NET"]
[SourceTitle "playchess.com"]
[Source "ChessBase"]
[SourceQuality "1"]

1. d4 Nf6 2. Nf3 d5 3. Bf4 c5 4. e3 Nc6 5. Nbd2 Nh5 6. Be5 f6 7. c4 cxd4 8. cxd5 Qxd5 9. Bc4 Qa5 10. Bxd4 e5 11. Bc3 Bb4 12. Bxb4 Qxb4 13. O-O Bg4 14. h3 Bxf3 15. Qxf3 O-O-O 16. Be6+ Kb8 17. Nb3 g6 18. a3 Qb6 19. Rac1 f5 20. Nc5 e4 21. Qe2 Nf6 22. Qc4 Rhe8 23. Rfd1 Rxd1+ 24. Rxd1 Rd8 25. Rxd8+ Qxd8 26. Qb3 b6 27. Na6+ Kb7 28. Nb4 Qd6 29. Nxc6 Qxc6 30. g3 a6 31. Kg2 Ka7 32. a4 Nd7 33. Bxd7 Qxd7 34. Qc4 Kb7 35. h4 h5 36. b3 b5 37. axb5 axb5 38. Qg8 Qd6 39. b4 Kc6 40. Qe8+ Kb6 41. Qf7 Qc6 1/2-1/2

[Event "CCT Play-in Chessable Masters 2024"]
[Site "Online"]
[Date "2024.01.31"]
[Round "3"]
[White "evgchess5"]
[Black "Lysyj, Igor"]
[Result "1/2-1/2"]
[WhiteElo "2701"]
[BlackElo "2589"]
[Annotator "TA"]
[PlyCount "62"]
[EventDate "2024.01.26"]
[EventType "swiss"]
[EventCountry "NET"]
[SourceTitle "playchess.com"]
[Source "ChessBase"]
[SourceQuality "1"]

1. Nf3 d5 2. e3 Nf6 3. c4 e6 4. Nc3 Be7 5. b3 O-O 6. Bb2 c5 7. cxd5 exd5 8. d4 Nc6 9. Be2 Ne4 10. O-O Bf6 11. Na4 Bg4 12. Rc1 cxd4 13. Nxd4 Bxe2 14. Qxe2 Nxd4 15. Bxd4 Bxd4 16. exd4 Qf6 17. Qd3 Rac8 18. f3 Nd6 19. Nc3 Qg5 20. Rce1 Rfe8 21. f4 Qf5 22. Qxf5 Nxf5 23. Nxd5 Kf8 24. Rxe8+ Rxe8 25. Kf2 Nxd4 26. Rd1 Nc6 27. Ne3 g6 28. g3 h5 29. a3 Rd8 30. Rxd8+ Nxd8 31. Ke2 Ke7 1/2-1/2

[Event "CCT Play-in Chessable Masters 2024"]
[Site "Online"]
[Date "2024.01.31"]
[Round "3"]
[White "Tabatabaei, M. Amin"]
[Black "BilodeauA"]
[Result "1/2-1/2"]
[WhiteElo "2696"]
[BlackElo "2585"]
[Annotator "RC"]
[PlyCount "215"]
[EventDate "2024.01.26"]
[EventType "swiss"]
[EventCountry "NET"]
[SourceTitle "playchess.com"]
[Source "ChessBase"]
[SourceQuality "1"]

1. d4 Nf6 2. c4 e6 3. Nf3 d5 4. Nc3 Nbd7 5. Bg5 Be7 6. e3 O-O 7. Rc1 c5 8. cxd5 Nxd5 9. Bxe7 Nxe7 10. Be2 b6 11. O-O Bb7 12. dxc5 Nxc5 13. b4 Ne4 14. Nxe4 Bxe4 15. Qa4 Nd5 16. b5 Nf6 17. Rfd1 Qe7 18. Ne5 Rfd8 19. Nc6 Rxd1+ 20. Rxd1 Qc7 21. Rc1 h6 22. Bf1 Qd6 23. Rd1 Qc5 24. Qd4 Qxd4 25. Rxd4 Bxc6 26. bxc6 Rc8 27. Bb5 Kf8 28. e4 Ke7 29. f3 Rd8 30. Ra4 a5 31. Rc4 Ne8 32. c7 Rc8 33. Bxe8 Kxe8 34. Rc6 Kd7 35. Rxb6 Rxc7 36. Rb2 Rc3 37. Rb7+ Ke8 38. Rb8+ Ke7 39. e5 g5 40. Rb7+ Kf8 41. Kf2 Rc2+ 42. Kg3 Rxa2 43. Rb8+ Kg7 44. Ra8 Kg6 45. Ra7 a4 46. Kh3 h5 47. g4 h4 48. Ra6 Rf2 49. Rxa4 Rxf3+ 50. Kg2 Rd3 51. h3 Rd2+ 52. Kg1 Re2 53. Ra5 Kg7 54. Rb5 Re3 55. Kg2 Rg3+ 56. Kh2 Rd3 57. Rb4 Rd5 58. Re4 Kf8 59. Re2 Ke7 60. Kg2 Rc5 61. Kh2 Kd7 62. Rf2 Ke7 63. Re2 Ra5 64. Kg2 Rb5 65. Re3 Rb7 66. Re2 Rb3 67. Kh2 Rd3 68. Ra2 Rd5 69. Re2 Kd8 70. Rf2 Ke8 71. Re2 Rd3 72. Kg2 Ke7 73. Kh2 f6 74. exf6+ Kxf6 75. Kg2 Rg3+ 76. Kh2 Ra3 77. Kg2 Ra4 78. Rf2+ Ke5 79. Re2+ Re4 80. Ra2 Re3 81. Ra5+ Kf4 82. Ra4+ Re4 83. Ra2 Rd4 84. Re2 e5 85. Rf2+ Ke3 86. Rf3+ Ke2 87. Rf2+ Ke3 88. Rf3+ Kd2 89. Rf2+ Kc3 90. Rf5 e4 91. Rxg5 Kd2 92. Re5 Ke2 93. g5 e3 94. g6 Rd7 95. Rg5 Rg7 96. Rg4 Ke1 97. Rg5 e2 98. Kg1 Rd7 99. g7 Kd1 100. g8=Q e1=Q+ 101. Kh2 Rd2+ 102. Rg2 Qe5+ 103. Kh1 Rxg2 104. Qxg2 Qe1+ 105. Kh2 Qe5+ 106. Kh1 Qe1+ 107. Kh2 Qe5+ 108. Kh1 1/2-1/2

[Event "CCT Play-in Chessable Masters 2024"]
[Site "Online"]
[Date "2024.01.31"]
[Round "3"]
[White "Sjugirov, Sanan"]
[Black "Dragun, Kamil"]
[Result "0-1"]
[WhiteElo "2695"]
[BlackElo "2553"]
[Annotator "TA"]
[PlyCount "78"]
[EventDate "2024.01.26"]
[EventType "swiss"]
[EventCountry "NET"]
[SourceTitle "playchess.com"]
[Source "ChessBase"]
[SourceQuality "1"]

1. e4 e5 2. Nf3 Nc6 3. Bb5 a6 4. Ba4 Nf6 5. O-O d6 6. Re1 Bd7 7. c3 g6 8. d4 Bg7 9. Nbd2 O-O 10. Nf1 exd4 11. cxd4 b5 12. Bb3 Bg4 13. Be3 Na5 14. h3 Nxb3 15. axb3 Bc8 16. Ng3 Bb7 17. Qc2 Re8 18. d5 Qd7 19. Nd4 h5 20. f3 Nxd5 21. exd5 Rxe3 22. Nc6 Rxe1+ 23. Rxe1 Re8 24. Re4 Rxe4 25. Nxe4 Bxc6 26. dxc6 Qe6 27. Kf1 d5 28. Ng3 Qe5 29. Ne2 Qe3 30. b4 Bf6 31. Ke1 Bh4+ 32. Kd1 Qf2 33. Qd3 Qxg2 34. Kc2 Qxh3 35. Qxd5 Bf6 36. Kd2 h4 37. Qe4 Qh2 38. f4 h3 39. f5 Qe5 0-1

[Event "CCT Play-in Chessable Masters 2024"]
[Site "Online"]
[Date "2024.01.31"]
[Round "3"]
[White "GeorgMeier"]
[Black "Akobian, Varuzhan"]
[Result "1/2-1/2"]
[WhiteElo "2675"]
[BlackElo "2571"]
[Annotator "TA"]
[PlyCount "113"]
[EventDate "2024.01.26"]
[EventType "swiss"]
[EventCountry "NET"]
[SourceTitle "playchess.com"]
[Source "ChessBase"]
[SourceQuality "1"]

1. Nf3 d5 2. g3 Nf6 3. Bg2 e6 4. O-O b5 5. d3 Bb7 6. c4 a6 7. cxd5 Nxd5 8. a3 c5 9. e4 Nf6 10. Nc3 Nbd7 11. Be3 Be7 12. h3 O-O 13. Qe2 Rc8 14. Rac1 h6 15. Rfd1 Qc7 16. d4 c4 17. Bf4 Qb6 18. d5 Bc5 19. Ne5 Nxe5 20. Bxe5 exd5 21. Bxf6 Qxf6 22. exd5 Rfe8 23. Qd2 Qg6 24. Kf1 Rcd8 25. Qc2 Qxc2 26. Rxc2 f5 27. Rcd2 Bd6 28. Ne2 Be5 29. Nf4 Bxf4 30. gxf4 Kf7 31. h4 h5 32. d6 Bxg2+ 33. Kxg2 Rd7 34. Kf3 Re6 35. Rd5 g6 36. R1d4 Kf6 37. a4 bxa4 38. Rxc4 Rdxd6 39. Rxd6 Rxd6 40. Rxa4 Re6 41. b4 Ke7 42. Ra5 Rb6 43. Ke3 Kd7 44. Kd3 Rxb4 45. Rxa6 Rxf4 46. Rxg6 Rxh4 47. Ke3 Ke7 48. Kf3 Kf7 49. Ra6 Kg7 50. Kg3 Rg4+ 51. Kh3 Rg6 52. Rxg6+ Kxg6 53. f4 Kf7 54. Kh4 Kg6 55. Kh3 Kf7 56. Kh4 Kg6 57. Kh3 1/2-1/2

[Event "CCT Play-in Chessable Masters 2024"]
[Site "Online"]
[Date "2024.01.31"]
[Round "3"]
[White "Shankland, Sam"]
[Black "Dronavalli, Harika"]
[Result "0-1"]
[WhiteElo "2674"]
[BlackElo "2500"]
[Annotator "TA"]
[PlyCount "70"]
[EventDate "2024.01.26"]
[EventType "swiss"]
[EventCountry "NET"]
[SourceTitle "playchess.com"]
[Source "ChessBase"]
[SourceQuality "1"]

1. d4 d5 2. c4 e6 3. Nf3 Nf6 4. Nc3 c6 5. e3 Nbd7 6. Be2 Bd6 7. O-O O-O 8. b3 b6 9. Bb2 Bb7 10. Bd3 c5 11. cxd5 exd5 12. Qe2 a6 13. Rfd1 Re8 14. Rac1 Qe7 15. g3 Ne4 16. dxc5 bxc5 17. Nh4 Nxc3 18. Bxc3 g6 19. Qd2 Ne5 20. Be2 Rad8 21. Re1 Qe6 22. Qd1 d4 23. exd4 Qd5 24. f3 cxd4 25. Bxd4 Bb4 26. Bb6 Bxe1 27. Bxd8 Bd2 28. Bb6 Bxc1 29. Qxc1 Nd7 30. Bc4 Qd6 31. Bf2 Qf6 32. Be3 Ne5 33. Be2 Nxf3+ 34. Bxf3 Bxf3 35. Qd2 Ba8 0-1

[Event "CCT Play-in Chessable Masters 2024"]
[Site "Online"]
[Date "2024.01.31"]
[Round "3"]
[White "jefferyx"]
[Black "KantorGergely"]
[Result "1-0"]
[WhiteElo "2658"]
[BlackElo "2523"]
[Annotator "TA"]
[PlyCount "49"]
[EventDate "2024.01.26"]
[EventType "swiss"]
[EventCountry "NET"]
[SourceTitle "playchess.com"]
[Source "ChessBase"]
[SourceQuality "1"]

1. e4 e5 2. Nf3 Nc6 3. Bc4 Nf6 4. d4 exd4 5. e5 Ne4 6. Qe2 Nc5 7. c3 d3 8. Qe3 Be7 9. Nbd2 d5 10. exd6 cxd6 11. Bxd3 Nxd3+ 12. Qxd3 O-O 13. O-O Bg4 14. Re1 Rc8 15. Nf1 Ne5 16. Nxe5 dxe5 17. Qe4 Qd7 18. Qxe5 Bf6 19. Qg3 b5 20. Bf4 b4 21. Ne3 Bh5 22. cxb4 Bxb2 23. Be5 Bxe5 24. Qxe5 Rfe8 25. Qxh5 1-0

[Event "CCT Play-in Chessable Masters 2024"]
[Site "Online"]
[Date "2024.01.31"]
[Round "3"]
[White "Mamedov, Rauf"]
[Black "Muradli, Mahammad"]
[Result "1-0"]
[WhiteElo "2651"]
[BlackElo "2555"]
[Annotator "RC"]
[PlyCount "81"]
[EventDate "2024.01.26"]
[EventType "swiss"]
[EventCountry "NET"]
[SourceTitle "playchess.com"]
[Source "ChessBase"]
[SourceQuality "1"]

1. e4 c5 2. c3 Nf6 3. e5 Nd5 4. Bc4 Nb6 5. Bb3 Nc6 6. d4 cxd4 7. cxd4 d5 8. Bc2 Nb4 9. Nc3 Bd7 10. Bb1 e6 11. Nge2 Be7 12. O-O Rc8 13. Re1 O-O 14. Ng3 g6 15. Bh6 Nc4 16. Qc1 Nc6 17. Nce2 Qb6 18. Qf4 f6 19. Bxf8 Rxf8 20. Qh6 f5 21. b3 Na3 22. Nf4 Rf7 23. Bxf5 gxf5 24. Nxd5 exd5 25. e6 Rf6 26. Qg5+ Rg6 27. Qxf5 Be8 28. Rac1 Qxd4 29. Rcd1 Qf6 30. Qxd5 Nc2 31. Re4 Rg5 32. Qd2 N2b4 33. Rde1 Nd5 34. h4 Rg6 35. Qxd5 Qg7 36. Rf4 Rxg3 37. fxg3 Qxg3 38. Ref1 h5 39. Rf8+ Kg7 40. Rxe8 Bf6 41. Qd7+ 1-0

[Event "CCT Play-in Chessable Masters 2024"]
[Site "Online"]
[Date "2024.01.31"]
[Round "3"]
[White "Shevchenko, Kirill"]
[Black "Sargissian, Gabriel"]
[Result "1/2-1/2"]
[WhiteElo "2651"]
[BlackElo "2672"]
[Annotator "RC"]
[PlyCount "71"]
[EventDate "2024.01.26"]
[EventType "swiss"]
[EventCountry "NET"]
[SourceTitle "playchess.com"]
[Source "ChessBase"]
[SourceQuality "1"]

1. d4 d5 2. c4 e6 3. Nf3 Nf6 4. Nc3 Be7 5. Bg5 h6 6. Bh4 O-O 7. e3 b6 8. cxd5 Nxd5 9. Bxe7 Qxe7 10. Rc1 Bb7 11. Bd3 Rc8 12. O-O Nxc3 13. Rxc3 c5 14. Qe2 Nd7 15. Rfc1 a5 16. Bb5 cxd4 17. Rxc8+ Rxc8 18. Rxc8+ Bxc8 19. Nxd4 Nc5 20. Qf3 e5 21. Nc6 Qd6 22. Qd5 Qxd5 23. Ne7+ Kf8 24. Nxd5 Be6 25. Nxb6 Bxa2 26. Kf1 f6 27. Ke2 Ke7 28. f3 Kd6 29. Kd2 Kc7 30. Nc4 Bxc4 31. Bxc4 Kb6 32. Kc3 Na4+ 33. Kb3 Nc5+ 34. Kc3 Na4+ 35. Kb3 Nc5+ 36. Kc3 1/2-1/2